Horský hotel
Enregistré dans:
| Auteur principal: | |
|---|---|
| Autres auteurs: | |
| Format: | Manuscrit Livre |
| Langue: | slovaque |
| Publié: |
2015
|
| Sujets: | |
| Accès en ligne: | http://is.stuba.sk/zp/portal_zp.pl?podrobnosti=109920 https://opac.crzp.sk/?fn=detailBiblioForm&sid=A7BD2F096A49022F2FC39737FE46 |
| Tags: |
Pas de tags, Soyez le premier à ajouter un tag!
|
MARC
| LEADER | 00000ntm a22000003a 4500 | ||
|---|---|---|---|
| 001 | stuzp51195 | ||
| 003 | SK-STU | ||
| 005 | 20231026093043.4 | ||
| 007 | ta | ||
| 008 | 150427s2015----xo-----f-mn---000-0-slo-d | ||
| 040 | |a STU |b slo | ||
| 041 | 0 | |a slo | |
| 100 | 1 | |a Nešťák, Adam |u 010180 |4 aut |U SvF Stavebná fakulta |T SvF Katedra konštrukcií pozemných stavieb |X 67560 |U V180 |Y 18 |7 A000067560 | |
| 242 | 0 | 1 | |a Mountain hotel |y eng |
| 245 | 1 | 0 | |a Horský hotel |
| 260 | |c 2015 | ||
| 650 | 4 | |a práca |2 slo | |
| 650 | 4 | |a prijekt |2 slo | |
| 650 | 4 | |a hotel |2 slo | |
| 650 | 4 | |a thesis |2 eng | |
| 650 | 4 | |a project |2 eng | |
| 650 | 4 | |a hotel |2 eng | |
| 700 | 1 | |a Vargová, Andrea |4 ths |X 618 |7 A000000618 | |
| 856 | 4 | |u http://is.stuba.sk/zp/portal_zp.pl?podrobnosti=109920 | |
| 856 | 4 | |u https://opac.crzp.sk/?fn=detailBiblioForm&sid=A7BD2F096A49022F2FC39737FE46 | |
| SQL | |a stuzp51195 |b DDP |c SLO |d Horský hotel |e 67560 |f Nešťák, Adam |g 010180 |h 618 |i Vargová, Andrea |j 20150617 |k 8 |l 01 |m http://is.stuba.sk/zp/portal_zp.pl?podrobnosti=109920 |n I-AKP |o 5.1.4. pozemné stavby | ||